000 005600000a22001810004500
003 MACL
005 20160526115152.0
008 160526b xxu||||| |||| 00| 0 eng d
040 _aMACL
_cMACL
041 _aHindi
082 _a891.433 BHA
100 _aभारदाज, शीतांशु
_959642
245 _aमोड काटती नदी
_cशीतांशु भारदाज
260 _bपुस्‍तक सदन
_c2002
_aनई दिल्‍ली
350 _a150
650 _aNovel
_959643
942 _cHIN
_k800/BHA/N
_2ddc
999 _c9628
_d9628